| 000 | 00607nam a2200229Ia 4500 | ||
|---|---|---|---|
| 003 | OSt | ||
| 005 | 20220928125045.0 | ||
| 006 | a|||||r|||| 00| 0 | ||
| 007 | ta | ||
| 008 | 220927b |||||||| |||| 00| 0 eng d | ||
| 024 | _a28343 | ||
| 037 | _cTextual | ||
| 040 |
_aSDCL _cSDCL _beng |
||
| 041 |
_2eng _aeng |
||
| 082 | _aV1-52'C, N9 | ||
| 100 |
_aGrant Michael _9357458 |
||
| 245 | 0 | _aCollapse and recovery of the Roman empire. | |
| 260 |
_aLondon _bRoutleledge _c1999 |
||
| 300 |
_axvii,121p _ccm. |
||
| 942 |
_hV1-52'C, N9 _cTEXL _2CC |
||
| 999 |
_c780709 _d780709 |
||